[Event "Christmas op"]
[Site "Toronto CAN"]
[Date "2000.12.27"]
[Round "2"]
[White "Hacatoglu, Kevork"]
[Black "Schleifer, Michael"]
[Result "1/2-1/2"]
[WhiteElo "2219"]
[BlackElo "2441"]
[PlyCount "77"]
[EventDate "2000.12.26"]
[EventType "swiss"]
[EventRounds "6"]
[EventCountry "CAN"]

1. e4 c5 2. Nf3 d6 3. d4 Nf6 4. Nc3 cxd4 5. Nxd4 a6 6. f4 g6 7. e5 dxe5 8. fxe5
Ng4 9. Bf4 Bg7 10. Nf3 Qa5 11. Qd5 Qb4 12. Qc4 Nc6 13. Qxb4 Nxb4 14. h3 g5 15.
Nxg5 Bxe5 16. Bxe5 Nxe5 17. O-O-O Rg8 18. Nge4 Bf5 19. a3 Bxe4 20. Nxe4 Nbc6
21. Nc5 Nd8 22. g4 Rc8 23. b4 Rc7 24. Bg2 Nd7 25. Nxd7 Rxd7 26. Rxd7 Kxd7 27.
Rd1+ Kc7 28. Be4 e6 29. Rf1 h5 30. gxh5 f5 31. Bd3 b5 32. c4 Rg3 33. Kd2 bxc4
34. Bxc4 Rxh3 35. Bxe6 Nxe6 36. Rxf5 Rxa3 37. Ra5 Rh3 38. Rxa6 Nd4 39. h6
1/2-1/2

[Event "Lac Beauport"]
[Site "Lac Beauport CAN"]
[Date "2000.11.10"]
[Round "1"]
[White "Schleifer, Michael"]
[Black "Tessier, Olivier"]
[Result "1-0"]
[WhiteElo "2400"]
[BlackElo "2001"]
[PlyCount "53"]
[EventDate "2000.11.10"]
[EventType "swiss"]
[EventRounds "5"]
[EventCountry "CAN"]

1. d4 Nf6 2. Bg5 c5 3. Bxf6 gxf6 4. c3 Qb6 5. Qd2 cxd4 6. cxd4 d5 7. Nc3 Nc6 8.
e3 Be6 9. Nge2 Bh6 10. Nc1 Rc8 11. Nb3 O-O 12. Be2 Kh8 13. O-O Rg8 14. f4 Bh3
15. Rf2 e6 16. Kh1 Bg4 17. Bd3 Nb4 18. Bb1 f5 19. Nc5 Na6 20. Nd7 Qc7 21. Ne5
Bf8 22. a3 Nb8 23. Bd3 a6 24. Rc1 Nc6 25. Na4 Bh5 26. Nxc6 Qd7 27. Nb6 1-0

[Event "Lac Beauport"]
[Site "Lac Beauport CAN"]
[Date "2000.11.11"]
[Round "2"]
[White "Touze, Jean Paul"]
[Black "Schleifer, Michael"]
[Result "0-1"]
[WhiteElo "2160"]
[BlackElo "2393"]
[PlyCount "60"]
[EventDate "2000.11.10"]
[EventType "swiss"]
[EventRounds "5"]
[EventCountry "CAN"]

1. e4 c5 2. f4 d5 3. e5 Bf5 4. Nf3 a6 5. a4 Nc6 6. b3 e6 7. d3 Bg4 8. Be2 Nh6
9. O-O Nf5 10. c3 Be7 11. h3 Bxf3 12. Bxf3 h5 13. Na3 h4 14. Bg4 g6 15. Bd2 Qd7
16. Nc2 d4 17. c4 O-O-O 18. Bxf5 gxf5 19. Qe1 Rhg8 20. b4 cxb4 21. Nxb4 Rg3 22.
Nxc6 Qxc6 23. Qe2 Rdg8 24. Rf2 Rxh3 25. Ra2 Rhg3 26. Kh2 h3 27. gxh3 Rxh3+ 28.
Kxh3 Rh8+ 29. Kg3 Bh4+ 30. Kh2 Bxf2+ 0-1

[Event "Lac Beauport"]
[Site "Lac Beauport CAN"]
[Date "2000.11.11"]
[Round "3"]
[White "Schleifer, Michael"]
[Black "Saint Amand, Paul"]
[Result "1-0"]
[WhiteElo "2400"]
[BlackElo "2170"]
[PlyCount "112"]
[EventDate "2000.11.10"]
[EventType "swiss"]
[EventRounds "5"]
[EventCountry "CAN"]

1. c4 c5 2. Nc3 Nc6 3. e3 e6 4. d4 cxd4 5. exd4 d5 6. Nf3 Nf6 7. c5 Be7 8. Bb5
O-O 9. Bxc6 bxc6 10. Qa4 Qc7 11. O-O Nd7 12. Re1 Bf6 13. Kh1 Rb8 14. Qc2 Ba6
15. a3 Rfe8 16. b4 Bc4 17. Bd2 Rb7 18. Rab1 Qb8 19. a4 Rxb4 20. Rxb4 Qxb4 21.
Rb1 Qa5 22. Nxd5 Qa6 23. Nc7 Bd3 24. Qc1 Qc8 25. Nxe8 Qxe8 26. Rb4 Be4 27. Ng5
Bd5 28. Qc2 g6 29. Ne4 Bg7 30. f3 h5 31. Bg5 e5 32. dxe5 Qxe5 33. Qc1 Be6 34.
Be3 a5 35. Rb7 Bf5 36. Nd6 Be6 37. Ra7 Nb6 38. Rxa5 Nd5 39. Ra8+ Kh7 40. Bf2
Nc3 41. Qe1 Qd5 42. Ne4 Nxe4 43. fxe4 Qb3 44. a5 Bc3 45. Qe3 Qb7 46. Re8 Qb1+
47. Bg1 Bf6 48. a6 Qa1 49. Qd3 Kg7 50. Rb8 h4 51. h3 Qa4 52. Rb6 Bc4 53. Qd6
Bf1 54. Rxc6 Bxg2+ 55. Kxg2 Qxe4+ 56. Kf1 Qf3+ 1-0

[Event "Lac Beauport"]
[Site "Lac Beauport CAN"]
[Date "2000.11.12"]
[Round "4"]
[White "Mikanovic, Goran"]
[Black "Schleifer, Michael"]
[Result "1-0"]
[WhiteElo "2316"]
[BlackElo "2400"]
[PlyCount "129"]
[EventDate "2000.11.10"]
[EventType "swiss"]
[EventRounds "5"]
[EventCountry "CAN"]

1. d4 Nf6 2. c4 g6 3. Nc3 Bg7 4. e4 O-O 5. Nf3 d6 6. Be2 e5 7. O-O exd4 8. Nxd4
Re8 9. f3 c6 10. Kh1 Nbd7 11. Bf4 Ne5 12. Qd2 a6 13. Rad1 c5 14. Nb3 Nh5 15.
Bg5 Bf6 16. Bxf6 Qxf6 17. Qxd6 Qxd6 18. Rxd6 Nf4 19. Nxc5 Nxe2 20. Nxe2 Nxc4
21. Rd4 Ne5 22. Nc3 Be6 23. Nxe6 Rxe6 24. Kg1 Rc8 25. Rfd1 Ree8 26. Nd5 Kg7 27.
Ne3 h5 28. Kf2 Re6 29. Rd6 g5 30. R6d4 h4 31. Rd8 Rc5 32. R8d5 Rc7 33. g3 hxg3+
34. hxg3 f6 35. f4 Nf7 36. Kf3 Rb6 37. R5d2 Rb5 38. b3 gxf4 39. gxf4 Rh5 40.
Rg1+ Kf8 41. Nd5 Rc6 42. Rdg2 Rh3+ 43. Rg3 Rxg3+ 44. Rxg3 Nd8 45. Kg4 Kf7 46.
Rc3 Ke6 47. Kf3 f5 48. Rxc6+ Nxc6 49. Ke3 Kd6 50. Nc3 Ne7 51. Ne2 Kc5 52. a3 a5
53. Ng3 fxe4 54. Nxe4+ Kd5 55. Kd3 b5 56. Nc3+ Kc5 57. Nd1 Nd5 58. f5 Nf6 59.
Ne3 a4 60. b4+ Kd6 61. Kd4 Nd7 62. Nd5 Ne5 63. Nc3 Nc6+ 64. Ke4 Na7 65. Kf4 1-0

[Event "Lac Beauport"]
[Site "Lac Beauport CAN"]
[Date "2000.11.12"]
[Round "5"]
[White "Schleifer, Michael"]
[Black "Moskvitch, Andrei"]
[Result "1-0"]
[WhiteElo "2393"]
[BlackElo "1924"]
[PlyCount "119"]
[EventDate "2000.11.10"]
[EventType "swiss"]
[EventRounds "5"]
[EventCountry "CAN"]

1. d4 d5 2. c4 e6 3. Nc3 Nf6 4. Bg5 Be7 5. e3 O-O 6. Nf3 b6 7. Qc2 c5 8. cxd5
exd5 9. Bd3 h6 10. Bxf6 Bxf6 11. Nxd5 Qxd5 12. Be4 Qe6 13. O-O Nc6 14. d5 Qe7
15. dxc6 Be6 16. a4 Bb3 17. Bh7+ Kh8 18. Qxb3 Kxh7 19. Rad1 Qc7 20. Rd5 Qxc6
21. Rfd1 Kg8 22. e4 Rad8 23. Rxd8 Bxd8 24. Qc4 Bc7 25. b3 Re8 26. Re1 Qe6 27.
Qc2 Be5 28. g3 a6 29. Qc4 Qxc4 30. bxc4 Bc3 31. Re3 Bb4 32. Kf1 b5 33. axb5
axb5 34. cxb5 Rb8 35. Ne5 Rxb5 36. Rd3 Kf8 37. f4 Rb7 38. Ke2 Rc7 39. Rd8+ Ke7
40. Rb8 Bc3 41. Nc4 Bd4 42. Nb6 Kd6 43. Nc4+ Ke6 44. Rb6+ Ke7 45. e5 f6 46. Kf3
Bg1 47. h3 fxe5 48. fxe5 Rd7 49. Nd6 c4 50. Rc6 g6 51. Nxc4 Rd3+ 52. Kg2 Bd4
53. Rd6 h5 54. h4 Kf7 55. Kh3 Rd1 56. Kg2 Rd3 57. Kf1 Rf3+ 58. Ke2 Rf2+ 59. Ke1
Bc5 60. Rd5 1-0

[Event "Outaouais op"]
[Site "Hull CAN"]
[Date "2000.11.04"]
[Round "2"]
[White "Ramaswamy, Kishor"]
[Black "Schleifer, Michael"]
[Result "0-1"]
[WhiteElo "1801"]
[BlackElo "2393"]
[PlyCount "58"]
[EventDate "2000.11.03"]
[EventType "swiss"]
[EventRounds "5"]
[EventCountry "CAN"]

1. d4 Nf6 2. Nf3 e6 3. Bg5 h6 4. Bh4 d5 5. Nbd2 c5 6. c3 Nc6 7. e3 g5 8. Bg3
Nh5 9. Bd3 Nxg3 10. hxg3 cxd4 11. exd4 Bg7 12. Qe2 Qc7 13. Nf1 Bd7 14. Ne3
O-O-O 15. Nd2 Kb8 16. Nb3 Bc8 17. Nc5 e5 18. dxe5 d4 19. Nf5 Bxf5 20. Bxf5 Rd5
21. Nd3 dxc3 22. bxc3 Nd4 23. cxd4 Qc3+ 24. Kf1 Qxa1+ 25. Ne1 Qxd4 26. Nc2 Qd1+
27. Qxd1 Rxd1+ 28. Ne1 Bxe5 29. g4 Bc3 0-1

[Event "Outaouais op"]
[Site "Hull CAN"]
[Date "2000.11.05"]
[Round "5"]
[White "Brice, Ron"]
[Black "Schleifer, Michael"]
[Result "0-1"]
[WhiteElo "2032"]
[BlackElo "2384"]
[PlyCount "146"]
[EventDate "2000.11.03"]
[EventType "swiss"]
[EventRounds "5"]
[EventCountry "CAN"]

1. c4 c5 2. g3 Nc6 3. Bg2 g6 4. Nc3 Bg7 5. e4 e6 6. Nge2 Nge7 7. O-O O-O 8. d3
d6 9. Rb1 a5 10. a3 h6 11. Be3 e5 12. h3 Nd4 13. b4 axb4 14. axb4 b6 15. b5 Kh7
16. Kh2 Bb7 17. Bxd4 cxd4 18. Na4 Qc7 19. Ra1 f5 20. f3 Ra5 21. Qb3 Rfa8 22.
Ra3 h5 23. Rfa1 Rf8 24. Rf1 Ng8 25. Nb2 Rxa3 26. Qxa3 Nf6 27. Qb4 Ra8 28. Na4
Bf8 29. Qb3 Bh6 30. Ng1 Kg7 31. Ra1 Be3 32. Ra2 Nd7 33. Ne2 Rf8 34. Ng1 Qd8 35.
Qb4 Qf6 36. Qe1 Ra8 37. Qa1 f4 38. Nb2 fxg3+ 39. Kh1 Qd8 40. Rxa8 Qxa8 41. Qxa8
Bxa8 42. Na4 h4 43. Ne2 Kf7 44. Bf1 Ke7 45. Nxg3 hxg3 46. h4 Bd2 47. Bh3 Ba5
48. Kg2 Nf6 49. Kxg3 Nh5+ 50. Kf2 Nf4 51. Bf1 Bb7 52. Nb2 Bc8 53. Kg3 Be6 54.
Kh2 Kd8 55. Kg3 Be1+ 56. Kh2 Bxh4 57. Na4 Kc7 58. Nb2 g5 59. Na4 g4 60. fxg4
Bxg4 61. Nb2 Be1 62. Na4 Bd1 63. Nb2 Bc2 64. c5 dxc5 65. Kg1 Bb3 66. Kh2 Bc3
67. Nc4 Bxc4 68. dxc4 d3 69. Bxd3 Nxd3 70. Kg2 Nb2 71. Kf3 Nxc4 72. Ke2 Nd6 73.
Kd3 Bd4 0-1

[Event "Quebec-ch classe"]
[Site "St-Jean CAN"]
[Date "2000.10.06"]
[Round "1"]
[White "Schleifer, Michael"]
[Black "Larochelle, Martial"]
[Result "1-0"]
[WhiteElo "2384"]
[BlackElo "2141"]
[PlyCount "53"]
[EventDate "2000.10.06"]
[EventType "swiss"]
[EventRounds "5"]
[EventCountry "CAN"]

1. d4 d5 2. c4 Nc6 3. Nc3 Nf6 4. Bf4 dxc4 5. d5 e5 6. Bg5 Na5 7. Nf3 Bd6 8.
Qa4+ c6 9. dxc6 Nxc6 10. O-O-O Qe7 11. Nd5 Qe6 12. Bxf6 gxf6 13. e4 f5 14. exf5
Qxf5 15. Ne3 Qf6 16. Nxc4 Qf4+ 17. Kb1 Bf5+ 18. Bd3 Bc7 19. Bxf5 Qxf5+ 20. Ka1
O-O 21. Ne3 Qe6 22. g4 Rfd8 23. Qe4 Bb6 24. Nf5 Bxf2 25. Rdf1 Bd4 26. Ng5 Qc4
27. Nxd4 1-0

[Event "Ottawa op"]
[Site "Ottawa CAN"]
[Date "2000.09.17"]
[Round "5"]
[White "Pacey, Kevin"]
[Black "Schleifer, Michael"]
[Result "1/2-1/2"]
[WhiteElo "2338"]
[BlackElo "2430"]
[PlyCount "98"]
[EventDate "2000.09.16"]
[EventType "swiss"]
[EventRounds "5"]
[EventCountry "CAN"]

1. e4 g6 2. d4 Bg7 3. Nc3 d6 4. f4 c6 5. Nf3 Bg4 6. Be3 Nf6 7. Bd3 Na6 8. O-O
Bc8 9. Kh1 O-O 10. Qd2 Nc7 11. a4 b6 12. Qe2 Rb8 13. e5 Nfd5 14. Nxd5 Nxd5 15.
Bd2 c5 16. c4 Nc7 17. d5 e6 18. dxe6 Bxe6 19. f5 gxf5 20. Bg5 f6 21. Bh4 dxe5
22. Nxe5 Qd6 23. Nf3 Rfe8 24. Rad1 Qc6 25. Qc2 Rbd8 26. Bg3 Na6 27. Bxf5 Bxf5
28. Qxf5 Nb4 29. b3 Qc8 30. Qxc8 Rxc8 31. Rd7 Nc6 32. h3 Re3 33. Bh4 Rce8 34.
Nh2 R8e7 35. Rxe7 Nxe7 36. Rf3 Rxf3 37. Nxf3 Nc6 38. Be1 Kf7 39. Kg1 Ke6 40.
Kf2 Kf5 41. Ke3 Bh6+ 42. Kd3 Bc1 43. Bc3 Ne5+ 44. Nxe5 fxe5 45. g3 h5 46. a5
e4+ 47. Ke2 bxa5 48. Bxa5 Bb2 49. Bc7 Bd4 1/2-1/2

[Event "Montcalm I 2000-01"]
[Site "Quebec CAN"]
[Date "2000.09.28"]
[Round "3"]
[White "Auger, Bertrand"]
[Black "Schleifer, Michael"]
[Result "0-1"]
[WhiteElo "1958"]
[BlackElo "2387"]
[PlyCount "110"]
[EventDate "2000.09.14"]
[EventType "tourn"]
[EventRounds "5"]
[EventCountry "CAN"]

1. b3 d5 2. Nf3 Bg4 3. Bb2 e6 4. g3 Nf6 5. Bg2 Bxf3 6. Bxf3 Bd6 7. c4 c6 8. d3
Nbd7 9. Nd2 O-O 10. O-O a5 11. a3 Re8 12. Qc2 Rc8 13. Bg2 e5 14. e4 dxe4 15.
dxe4 b6 16. Rfe1 Qe7 17. Nf1 Rcd8 18. Ne3 g6 19. Qc3 Nc5 20. Qc2 Bc7 21. Red1
Ne6 22. Qc3 Nd4 23. Rd2 c5 24. a4 Bd6 25. Nd5 Nxd5 26. cxd5 Rc8 27. Qc4 Qb7 28.
Bc3 Rf8 29. Rf1 Qb8 30. Ba1 f6 31. f3 Kg7 32. Rdf2 b5 33. axb5 Qxb5 34. Qxb5
Nxb5 35. Rc2 Rb8 36. Ra2 Ra8 37. Ra4 Rfb8 38. f4 Nd4 39. Bxd4 cxd4 40. Rf3 Rc8
41. fxe5 fxe5 42. Bf1 Rc1 43. Kg2 Bb4 44. Ra2 Rf8 45. Rxf8 Kxf8 46. Bc4 Ke7 47.
Kf2 Kd6 48. Ke2 Rc3 49. Kd1 Rf3 50. Ke2 Re3+ 51. Kf1 Kc5 52. d6 Kxd6 53. Re2
Rc3 54. Bd5 Rc1+ 55. Kf2 d3 0-1

[Event "Lanaudiere"]
[Site "Repentigny CAN"]
[Date "2000.10.14"]
[Round "2"]
[White "Sasseville, Jean"]
[Black "Schleifer, Michael"]
[Result "0-1"]
[WhiteElo "1510"]
[BlackElo "2351"]
[PlyCount "50"]
[EventDate "2000.08.18"]
[EventType "swiss"]
[EventRounds "5"]
[EventCountry "CAN"]

1. c4 e5 2. Nc3 Nc6 3. Nf3 Bb4 4. g3 Nf6 5. Bg2 O-O 6. O-O Re8 7. Qc2 d6 8. a3
Bxc3 9. Qxc3 a5 10. d3 a4 11. Rb1 Na5 12. Nd2 d5 13. cxd5 Nxd5 14. Qc2 Nc6 15.
e3 Be6 16. b4 Na7 17. Bb2 Nb5 18. Ra1 f6 19. Ne4 b6 20. Qc6 Na7 21. Qxa4 c6 22.
Rfc1 f5 23. Nd2 Bf7 24. d4 exd4 25. Bxd4 Nb5 0-1

[Event "Lanaudiere"]
[Site "Repentigny CAN"]
[Date "2000.08.19"]
[Round "3"]
[White "Schleifer, Michael"]
[Black "Soudre, Nicolas"]
[Result "1-0"]
[WhiteElo "2405"]
[BlackElo "2230"]
[PlyCount "55"]
[EventDate "2000.08.18"]
[EventType "swiss"]
[EventRounds "5"]
[EventCountry "CAN"]

1. d4 e6 2. c4 Nf6 3. a3 c5 4. e3 cxd4 5. exd4 d5 6. Nc3 Nc6 7. Nf3 Be7 8. c5
Ne4 9. Qc2 f5 10. Bb5 Bf6 11. Bf4 O-O 12. Bxc6 bxc6 13. h4 Qe8 14. Ne5 Bxe5 15.
Bxe5 Nf6 16. O-O-O Rf7 17. Rde1 Ba6 18. f3 Rb7 19. Re3 Bc4 20. Rhe1 Kf7 21. g4
Qd7 22. Bxf6 Rab8 23. gxf5 Kxf6 24. fxe6 Qe7 25. Qh2 Qc7 26. Qd6 Rd8 27. e7+
Qxd6 28. exd8=Q+ 1-0

[Event "Lanaudiere"]
[Site "Repentigny CAN"]
[Date "2000.08.20"]
[Round "4"]
[White "Fortier, Marc-Andre"]
[Black "Schleifer, Michael"]
[Result "1-0"]
[WhiteElo "2124"]
[BlackElo "2405"]
[PlyCount "79"]
[EventDate "2000.08.18"]
[EventType "swiss"]
[EventRounds "5"]
[EventCountry "CAN"]

1. e4 c5 2. Nc3 Nc6 3. g3 d6 4. Bg2 h5 5. d3 h4 6. f4 Nf6 7. Nd5 Nxd5 8. exd5
h3 9. Be4 Nb8 10. f5 Nd7 11. Ne2 Nf6 12. Nf4 Qa5+ 13. Bd2 Qa4 14. b3 Qa6 15.
Qe2 Bd7 16. O-O O-O-O 17. c4 Kc7 18. Kh1 Re8 19. g4 Nxe4 20. dxe4 Rg8 21. Bc3
Kc8 22. Nxh3 e6 23. Qf3 exd5 24. exd5 Be7 25. g5 g6 26. f6 Bd8 27. Nf4 Bf5 28.
Ng2 Rh8 29. Rfe1 Ref8 30. Re3 Rh5 31. h4 Rfh8 32. Qf4 Rf8 33. a4 Rhh8 34. b4
cxb4 35. Bxb4 Re8 36. Bxd6 Qa5 37. Be7 Bc7 38. d6 Bb6 39. Rb3 Qc5 40. d7+ 1-0

[Event "Lanaudiere"]
[Site "Repentigny CAN"]
[Date "2000.10.15"]
[Round "4"]
[White "Mikanovic, Goran"]
[Black "Schleifer, Michael"]
[Result "0-1"]
[WhiteElo "2323"]
[BlackElo "2384"]
[PlyCount "67"]
[EventDate "2000.08.18"]
[EventType "swiss"]
[EventRounds "5"]
[EventCountry "CAN"]

1. d4 c5 2. d5 e5 3. e4 Bd6 4. Nc3 Bc7 5. Nf3 d6 6. Be2 Nd7 7. O-O Ngf6 8. Nd2
O-O 9. a4 Re8 10. Nc4 Nf8 11. Be3 Ng6 12. g3 a6 13. Bf3 b6 14. Qe2 Rb8 15. Rfb1
Rf8 16. b4 cxb4 17. Rxb4 a5 18. Rb3 Ba6 19. Nb5 Nd7 20. Rab1 Ne7 21. Qe1 Bxb5
22. Rxb5 h6 23. R1b3 f5 24. exf5 Nxf5 25. Bg4 Nxe3 26. Qxe3 Nc5 27. Ra3 Qf6 28.
Rb1 Qg6 29. Qe2 Rf6 30. Bh5 Qh7 31. Rf3 Rxf3 32. Qxf3 Rf8 33. Qe2 Nxa4 34. Rf1
0-1

[Event "Lanaudiere"]
[Site "Repentigny CAN"]
[Date "2000.08.20"]
[Round "5"]
[White "Schleifer, Michael"]
[Black "Desmarais, Emmanuel"]
[Result "1-0"]
[WhiteElo "2405"]
[BlackElo "2063"]
[PlyCount "139"]
[EventDate "2000.08.18"]
[EventType "swiss"]
[EventRounds "5"]
[EventCountry "CAN"]

1. d4 c6 2. c4 d5 3. Nc3 e6 4. Nf3 dxc4 5. a4 Bb4 6. g3 Nf6 7. Bg2 Nbd7 8. O-O
O-O 9. Qc2 Qc7 10. Na2 Bd6 11. Qxc4 e5 12. Nc3 Nb6 13. Qb3 Be6 14. Qc2 exd4 15.
Nxd4 Bg4 16. Bg5 Nbd5 17. e4 Nxc3 18. bxc3 Rfe8 19. a5 Rac8 20. Rfb1 Nd7 21. h3
Bh5 22. Be3 Bg6 23. Re1 f6 24. Nb3 b6 25. axb6 axb6 26. Nd4 Bf7 27. Rad1 Ne5
28. Nf5 Bf8 29. f4 Nc4 30. Bf2 Rcd8 31. Nd4 b5 32. Ra1 Ra8 33. Rxa8 Rxa8 34. e5
fxe5 35. Nxc6 Re8 36. f5 Nd6 37. Nxe5 b4 38. Nxf7 Rxe1+ 39. Bxe1 Nxf7 40. Qd3
Qe5 41. Kf1 b3 42. Bd5 b2 43. Ba2 Bd6 44. Bf2 Kf8 45. g4 Ng5 46. Qc4 Ke7 47. h4
Nf3 48. Qf7+ Kd8 49. Bb6+ Bc7 50. Bxc7+ Qxc7 51. Qd5+ Qd7 52. Qxf3 Qb5+ 53. Kg2
b1=Q 54. Bxb1 Qxb1 55. Qd5+ Kc7 56. Qf7+ Kc6 57. Qc4+ Kd7 58. Qd5+ Kc7 59. c4
Qc2+ 60. Kg3 Qc3+ 61. Kf2 Qc2+ 62. Ke3 Qc1+ 63. Ke4 Qe1+ 64. Kf4 Qf2+ 65. Ke5
Qe3+ 66. Qe4 Qc3+ 67. Kd5 Qd2+ 68. Qd4 Qg2+ 69. Ke6 Qc6+ 70. Kf7 1-0

[Event "Montreal International"]
[Site "Montreal CAN"]
[Date "2000.08.04"]
[Round "2"]
[White "Tyomkin, Dimitri"]
[Black "Schleifer, Michael"]
[Result "1-0"]
[WhiteElo "2522"]
[BlackElo "2364"]
[PlyCount "95"]
[EventDate "2000.08.03"]
[EventType "tourn"]
[EventRounds "11"]
[EventCountry "CAN"]

1. d4 f5 2. g3 Nf6 3. Bg2 e6 4. c4 Bb4+ 5. Nd2 Nc6 6. Ngf3 O-O 7. O-O Bxd2 8.
Bxd2 Ne4 9. d5 exd5 10. cxd5 Ne7 11. Qb3 d6 12. Rac1 h6 13. Rfd1 Kh8 14. Be1 c5
15. dxc6 bxc6 16. Nd4 Qd7 17. Qc2 Bb7 18. Nxf5 Nxf5 19. Bxe4 Rae8 20. Bxf5 Rxf5
21. Rxd6 Qxd6 22. Qxf5 Rxe2 23. Bc3 Qe7 24. Qg6 Qf8 25. Qxh6+ Kg8 26. Qf4 Qxf4
27. gxf4 c5 28. Rd1 Re7 29. h3 Kf7 30. Kh2 Kg6 31. Rg1+ Kf5 32. Bxg7 Kxf4 33.
Bf8 Re2 34. Bxc5 Rxb2 35. Rg4+ Kf3 36. Rg3+ Kf4 37. Rg7 Kf3 38. Rg3+ Kf4 39.
Be3+ Kf5 40. Rg5+ Ke4 41. Ra5 a6 42. h4 Kf3 43. Rf5+ Kg4 44. Rf4+ Kh5 45. Kg3
Rb1 46. f3 Kg6 47. h5+ Kg7 48. h6+ 1-0

[Event "Montreal International"]
[Site "Montreal CAN"]
[Date "2000.08.05"]
[Round "3"]
[White "Schleifer, Michael"]
[Black "Lazarev, Vladimir"]
[Result "0-1"]
[WhiteElo "2364"]
[BlackElo "2478"]
[PlyCount "66"]
[EventDate "2000.08.03"]
[EventType "tourn"]
[EventRounds "11"]
[EventCountry "CAN"]

1. c4 c5 2. Nc3 Nc6 3. e3 e5 4. Nf3 Nf6 5. d4 cxd4 6. exd4 e4 7. Ne5 Bd6 8.
Nxc6 dxc6 9. Be2 h6 10. Be3 Qe7 11. h3 O-O 12. g4 Nh7 13. h4 f5 14. gxf5 Bxf5
15. Qb3 Kh8 16. c5 Bb8 17. O-O-O Nf6 18. Rdg1 Be6 19. Bc4 Bg4 20. d5 Be5 21. d6
Qd7 22. Rxg4 Qxg4 23. Qxb7 Bf4 24. Ne2 Bxe3+ 25. fxe3 Qf3 26. Rg1 Qxe3+ 27. Kb1
Nh5 28. d7 Qxc5 29. Bf7 Rab8 30. Qc7 Qb5 31. b3 Qxe2 32. Bxh5 Qd3+ 33. Kc1 Qe3+
0-1

[Event "Montreal International"]
[Site "Montreal CAN"]
[Date "2000.08.07"]
[Round "5"]
[White "Schleifer, Michael"]
[Black "Miladinovic, Igor"]
[Result "1/2-1/2"]
[WhiteElo "2563"]
[BlackElo "2364"]
[PlyCount "106"]
[EventDate "2000.08.03"]
[EventType "tourn"]
[EventRounds "11"]
[EventCountry "CAN"]

1. c4 e5 2. Nc3 Nf6 3. Nf3 Nc6 4. d4 exd4 5. Nxd4 Bb4 6. Nc2 Bxc3+ 7. bxc3 Ne4
8. Qd3 Qe7 9. Ne3 Nc5 10. Qc2 O-O 11. Nd5 Qd8 12. e3 d6 13. Be2 Ne5 14. O-O f5
15. Ba3 c6 16. Nf4 Qe7 17. Rfd1 g5 18. Nd3 Ncxd3 19. Bxd3 c5 20. f4 Ng6 21. Re1
Bd7 22. Rad1 Rae8 23. Qf2 Ba4 24. Rb1 Bc6 25. Rbd1 g4 26. Rd2 Qf6 27. Bf1 Re6
28. Bd3 Nh4 29. Bf1 Rfe8 30. Bc1 h5 31. Rd5 Ng6 32. Red1 Bxd5 33. cxd5 Re4 34.
c4 Qe7 35. Bd3 h4 36. Bd2 Qd7 37. Rb1 b6 38. h3 Qe7 39. hxg4 fxg4 40. a4 Qf6
41. Rc1 Kf7 42. Bc3 g3 43. Qf3 Rxe3 44. Qh5 Re1+ 45. Bf1 Rxf1+ 46. Rxf1 Qxc3
47. f5 Qg7 48. fxg6+ Kg8 49. Kh1 a6 50. Kg1 Qd4+ 51. Kh1 Qg7 52. Kg1 Qd4+ 53.
Kh1 Qg7 1/2-1/2

[Event "Montreal International"]
[Site "Montreal CAN"]
[Date "2000.08.12"]
[Round "9"]
[White "Smagin, Sergey"]
[Black "Schleifer, Michael"]
[Result "1/2-1/2"]
[WhiteElo "2605"]
[BlackElo "2364"]
[PlyCount "88"]
[EventDate "2000.08.03"]
[EventType "tourn"]
[EventRounds "11"]
[EventCountry "CAN"]

1. e4 c5 2. c3 d5 3. exd5 Qxd5 4. d4 Nf6 5. Nf3 Nc6 6. Be3 e6 7. a3 cxd4 8.
cxd4 Be7 9. Nc3 Qd6 10. Qc2 O-O 11. Bd3 Bd7 12. O-O Rac8 13. Rad1 a6 14. Rfe1
b5 15. Bg5 h6 16. Bxf6 Bxf6 17. Ne4 Qf4 18. Nxf6+ Qxf6 19. Qe2 Rfd8 20. Qe4 g6
21. Qe3 Be8 22. Rc1 Kg7 23. Ne5 Ne7 24. Be4 Nf5 25. Bxf5 exf5 26. Rxc8 Rxc8 27.
d5 Qd6 28. Qd4 f6 29. Nd3 Bf7 30. h4 Rc4 31. Qa7 Qxd5 32. Re7 Rxh4 33. Rd7 Qe6
34. g3 Rc4 35. Nf4 Rxf4 36. gxf4 Qe1+ 37. Kg2 Qe4+ 38. Kg3 Qe6 39. Qc7 Qb3+ 40.
f3 g5 41. fxg5 hxg5 42. Re7 Qd5 43. Qd7 Qb3 44. Qc7 Qd5 1/2-1/2

[Event "Montreal International"]
[Site "Montreal CAN"]
[Date "2000.08.13"]
[Round "10"]
[White "Schleifer, Michael"]
[Black "Rozentalis, Eduardas"]
[Result "0-1"]
[WhiteElo "2364"]
[BlackElo "2570"]
[PlyCount "70"]
[EventDate "2000.08.03"]
[EventType "tourn"]
[EventRounds "11"]
[EventCountry "CAN"]

1. e4 e5 2. Bc4 Nf6 3. d3 d6 4. Nf3 h6 5. c3 g6 6. O-O Bg7 7. Re1 O-O 8. Bb3
Qe7 9. Nbd2 Nbd7 10. d4 Nh5 11. Nf1 Kh7 12. Ne3 Nf4 13. Bc2 Nb6 14. Rb1 Qf6 15.
b3 h5 16. Bb2 Bg4 17. Nxg4 hxg4 18. Nd2 Qg5 19. Nf1 Nd7 20. Bc1 Rh8 21. g3 Nh3+
22. Kg2 Qh5 23. d5 Kg8 24. f3 Nf6 25. Qe2 Bh6 26. Bxh6 Rxh6 27. fxg4 Nxg4 28.
Bd1 f5 29. exf5 gxf5 30. Qf3 Rf8 31. Rb2 Ng5 32. Qd3 e4 33. Qd4 f4 34. Rxe4
Nxe4 35. Qxe4 Ne3+ 0-1

[Event "Quebec op"]
[Site "Montreal CAN"]
[Date "2000.07.23"]
[Round "2"]
[White "Schleifer, Michael"]
[Black "Kurenkov, Nikolai"]
[Result "1-0"]
[WhiteElo "2403"]
[BlackElo "2329"]
[PlyCount "83"]
[EventDate "2000.07.22"]
[EventType "swiss"]
[EventRounds "9"]
[EventCountry "CAN"]

1. d4 Nf6 2. c4 g6 3. Nc3 Bg7 4. e4 d6 5. Be2 O-O 6. Bg5 Na6 7. Nf3 Qe8 8. O-O
e5 9. d5 Nc5 10. Nd2 a5 11. b3 h6 12. Be3 Nfd7 13. a3 f5 14. f3 f4 15. Bf2 Rf7
16. b4 Na6 17. Nb3 axb4 18. axb4 Rb8 19. Nb5 Bf8 20. Ba7 Qd8 21. Bxb8 Ndxb8 22.
Na7 Nxb4 23. Nxc8 Qxc8 24. Ra8 b6 25. Qd2 N4a6 26. Ra7 Nc5 27. Nxc5 dxc5 28.
Ra8 Bd6 29. Qa2 g5 30. Qa7 Rf8 31. Bd1 Nc6 32. Rxc8 Nxa7 33. Rxf8+ Kxf8 34. Bb3
Nc8 35. Ra1 Ne7 36. Ra8+ Kg7 37. Ba4 Ng6 38. Kf2 h5 39. Be8 h4 40. Bxg6 Kxg6
41. h3 Kf7 42. Ke2 1-0

[Event "Quebec op"]
[Site "Montreal CAN"]
[Date "2000.07.23"]
[Round "3"]
[White "Lazarev, Vladimir"]
[Black "Schleifer, Michael"]
[Result "0-1"]
[WhiteElo "2518"]
[BlackElo "2403"]
[PlyCount "86"]
[EventDate "2000.07.22"]
[EventType "swiss"]
[EventRounds "9"]
[EventCountry "CAN"]

1. d4 Nf6 2. c4 e6 3. Nc3 Bb4 4. Qc2 c5 5. dxc5 Bxc5 6. Nf3 h6 7. e3 a6 8. a3
d6 9. b4 Ba7 10. Bb2 Nc6 11. Be2 O-O 12. O-O Qe7 13. Rfd1 Bd7 14. Rd2 Rfd8 15.
Rad1 Be8 16. h3 Rac8 17. Qb3 Bb8 18. Bd3 Nd7 19. Na4 Bc7 20. Be4 f5 21. Bc2 Nf6
22. Nc3 Bh5 23. Rc1 Bxf3 24. gxf3 Ne5 25. Bd1 f4 26. e4 Nh7 27. Ne2 Qh4 28. Kg2
Ng6 29. Ng1 Qg5+ 30. Kf1 Nh4 31. Qc3 Bb6 32. c5 dxc5 33. Rxd8+ Bxd8 34. Bb3 c4
35. Bxc4 Rc6 36. Qb3 Nf8 37. b5 axb5 38. Qxb5 Qg2+ 39. Ke2 Rb6 40. Qe5 Bf6 41.
Bxe6+ Rxe6 42. Qb5 Bxb2 43. Qxb2 Nxf3 0-1

[Event "Quebec op"]
[Site "Montreal CAN"]
[Date "2000.07.25"]
[Round "5"]
[White "Soudre, Nicolas"]
[Black "Schleifer, Michael"]
[Result "1/2-1/2"]
[WhiteElo "2094"]
[BlackElo "2403"]
[PlyCount "75"]
[EventDate "2000.07.22"]
[EventType "swiss"]
[EventRounds "9"]
[EventCountry "CAN"]

1. e4 c5 2. Nc3 Nc6 3. f4 e6 4. Nf3 d5 5. Bb5 Nge7 6. exd5 exd5 7. Qe2 Bg4 8.
Bxc6+ bxc6 9. d3 Qd6 10. b3 O-O-O 11. O-O Nf5 12. Qf2 Bxf3 13. Qxf3 Nd4 14. Qf2
Qc7 15. Na4 Re8 16. c3 Re2 17. Qg3 Nb5 18. Be3 Rc2 19. Qg4+ Qd7 20. Qd1 Rxc3
21. Nxc3 Nxc3 22. Qe1 d4 23. Bd2 Be7 24. Qe5 f6 25. Qe1 f5 26. Bxc3 dxc3 27.
Qxc3 Bf6 28. Qc4 Qd4+ 29. Qxd4 Bxd4+ 30. Kh1 Bxa1 31. Rxa1 Rd8 32. Rd1 Rd4 33.
g3 Kd7 34. Kg2 a5 35. Kf3 a4 36. Ke3 Kd6 37. Kd2 axb3 38. axb3 1/2-1/2